000 00449nam a2200157 a 4500
020 _a0434986070 (paperback)
020 _a9780434986071 (paperback)
100 1 _aMaynard, Jeff.
245 1 0 _aComputer programming: ,made simple
250 _a2nd ed.
260 _a[S.l.] :
_bMade Simple,
_c1986.
300 _a385 p. ;
490 1 _aMade simple books.
856 4 0 _uhttp://www.amazon.com/exec/obidos/ASIN/0434986070/chopaconline-20
942 _cBK
999 _c12335
_d12335